USA: na trhu práce může v budoucnu chybět až 2 miliony kvalifikovaných pracovníků
Nedostatok schopností pracovnej sily spomaluje možný rast ekonomiky USA a ohrozuje ekonomickú budúcnost. Tri typy základných nedostatkov, ktoré má v súčasnosti pracovná sila. Situáciu zhoršujú aj demografické ukazovatele. Kvalifikácia pracovnej sily musí odpovedať potrebám modernej ekonomiky.
Salvato in:
| Natura: | Capitolo di libro |
|---|---|
| Lingua: | ceco |
| Soggetti: | |
| Tags: |
Nessun Tag, puoi essere il primo ad aggiungerne!!
|
MARC
| LEADER | 00000naa a2200000 4500 | ||
|---|---|---|---|
| 001 | 0237089 | ||
| 005 | 20171107105244.5 | ||
| 041 | 0 | |a cze | |
| 044 | |a CZ | ||
| 245 | 1 | 0 | |a USA: na trhu práce může v budoucnu chybět až 2 miliony kvalifikovaných pracovníků |
| 520 | |a Nedostatok schopností pracovnej sily spomaluje možný rast ekonomiky USA a ohrozuje ekonomickú budúcnost. Tri typy základných nedostatkov, ktoré má v súčasnosti pracovná sila. Situáciu zhoršujú aj demografické ukazovatele. Kvalifikácia pracovnej sily musí odpovedať potrebám modernej ekonomiky. | ||
| 610 | 2 | 0 | |a sily pracovné |
| 610 | 2 | 0 | |a kvalifikácia |
| 610 | 2 | 0 | |a schopnosti pracovné |
| 610 | 2 | 0 | |a vzdelávanie |
| 610 | 2 | 0 | |a USA |